| 000 | 00975cam a2200325 a 4500 | ||
|---|---|---|---|
| 001 | 2019 | ||
| 003 | FISKH | ||
| 005 | 20250516093938.0 | ||
| 008 | 000919s2001 nyua b 000 1 eng | ||
| 010 | _a 00047368 | ||
| 020 | _a0516222627 | ||
| 020 | _a9780516259644 | ||
| 040 |
_aDLC _cDLC _dDLC _beng |
||
| 042 | _alcac | ||
| 050 | 0 | 0 |
_aPZ7.M515916 _bGam 2001 |
| 082 | 0 | 0 |
_a460 _221 |
| 100 | 1 | _aMeister, Cari. | |
| 245 | 1 | 0 |
_aGame day / _cwritten by Cari Meister ; illustrated by Mark A. Hicks. |
| 260 |
_aNew York : _bScholastic, _c2001. |
||
| 300 |
_a23 pages : _bcolor illustrations ; _c18 cm. |
||
| 440 | 0 | _aA Rookie reader | |
| 505 | _aB | ||
| 520 | _aIllustrations and simple text describe the events of a baseball game. | ||
| 521 | 8 |
_a50
_bLexile estimate |
|
| 521 | 8 |
_aB
_bRaz-Plus |
|
| 650 | 1 |
_aBaseball _vFiction. |
|
| 700 | 1 |
_aHicks, Mark A. _eillustrator |
|
| 906 |
_a7 _bcbc _corignew _d1 _eocip _f20 _gy-gencatlg |
||
| 942 |
_2ddc _cBK _n0 |
||
| 999 |
_c2019 _d2019 |
||